[Event "Pardubice rapid op 33rd"]
[Site "Pardubice"]
[Date "2022.07.21"]
[Round "9"]
[White "Freibergs, Andrejs"]
[Black "Meszaros, Ludek"]
[Result "1-0"]
[WhiteElo "1574"]
[BlackElo "2049"]
[PlyCount "87"]
[EventDate "2022.07.20"]
[EventType "swiss (rapid)"]
[EventRounds "9"]
[EventCountry "CZE"]
[SourceTitle "CBM 209 Extra"]
[Source "ChessBase"]
[SourceDate "2022.09.30"]
[SourceVersion "1"]
[SourceVersionDate "2022.09.30"]
[SourceQuality "1"]

1. Nf3 g6 2. d4 Bg7 3. c4 d6 4. Nc3 Nf6 5. e4 0-0 6. h3 Nbd7 7. Be3 e5 8. d5 a5 9. Be2 Nc5 10. Nd2 c6 11. 0-0 cxd5 12. cxd5 b6 13. a3 Ba6 14. b4 Bxe2 15. Qxe2 Ncd7 16. Nb5 Ne8 17. Rac1 f5 18. f3 axb4 19. axb4 Ra2 20. Qc4 Ra8 21. Qc6 Rf7 22. Rc2 Rb8 23. Ra1 Ndf6 24. Ra6 Rfb7 25. Rca2 fxe4 26. Nxe4 Nxe4 27. fxe4 Qh4 28. Bf2 Qxe4 29. Nxd6 Qb1+ 30. Kh2 Rc7 31. Qxe8+ Rxe8 32. Nxe8 Rc1 33. R2a3 Rh1+ 34. Kg3 Qf5 35. Be3 h5 36. Nxg7 Kxg7 37. Ra7+ Kf6 38. R7a6 Qb1 39. Bxb6 h4+ 40. Kxh4 Qe4+ 41. g4 Qc4 42. Bc5+ Kg7 43. Ra7+ Kf6 44. R3a6+ 1-0

[Event "Pardubice rapid op 33rd"]
[Site "Pardubice"]
[Date "2022.07.21"]
[Round "7"]
[White "Sosnik, Sebastian"]
[Black "Freibergs, Andrejs"]
[Result "1/2-1/2"]
[WhiteElo "2255"]
[BlackElo "1574"]
[PlyCount "119"]
[EventDate "2022.07.20"]
[EventType "swiss (rapid)"]
[EventRounds "9"]
[EventCountry "CZE"]
[SourceTitle "CBM 209 Extra"]
[Source "ChessBase"]
[SourceDate "2022.09.30"]
[SourceVersion "1"]
[SourceVersionDate "2022.09.30"]
[SourceQuality "1"]

1. e4 e6 2. d4 d5 3. Nd2 Be7 4. Bd3 c5 5. dxc5 Bxc5 6. Ngf3 Nc6 7. 0-0 Nf6 8. e5 Ng4 9. Qe2 Qc7 10. Nb3 Bb6 11. Bf4 h5 12. c3 Bd7 13. h3 Nh6 14. Nbd4 a6 15. Rac1 Ne7 16. c4 Bc6 17. c5 Ba7 18. b4 Bb8 19. Ng5 Nhf5 20. Bxf5 Nxf5 21. Nxf5 exf5 22. g3 Bb5 23. Qe3 Bxf1 24. e6 Qe7 25. exf7+ Kd7 26. Kxf1 Qxe3 27. fxe3 Bxf4 28. exf4 h4 29. Rd1 g6 30. Rxd5+ Ke7 31. Re5+ Kf6 32. Re6+ Kg7 33. Re7 Rab8 34. gxh4 Rxh4 35. Ne6+ Kf6 36. f8Q+ Rxf8 37. Nxf8 Rxf4+ 38. Kg2 Rxb4 39. Re2 Kf7 40. Ne6 Rc4 41. Kf3 Kf6 42. Nf8 Rc3+ 43. Re3 Rc2 44. a3 Kf7 45. Nd7 Rd2 46. Ne5+ Kf6 47. Nd3 g5 48. Nb4 a5 49. Nd3 f4 50. Nxf4 gxf4 51. Kxf4 Rc2 52. Rb3 Rc4+ 53. Kg3 Rxc5 54. Rb6+ Kg5 55. a4 Rc3+ 56. Kg2 Rc2+ 57. Kf3 Rc3+ 58. Kg2 Rc2+ 59. Kf3 Rc4 60. Rb5+ 1/2-1/2

[Event "Pardubice rapid op 33rd"]
[Site "Pardubice"]
[Date "2022.07.21"]
[Round "4"]
[White "Zdrazil, Tomas"]
[Black "Freibergs, Andrejs"]
[Result "0-1"]
[WhiteElo "2122"]
[BlackElo "1574"]
[PlyCount "98"]
[EventDate "2022.07.20"]
[EventType "swiss (rapid)"]
[EventRounds "9"]
[EventCountry "CZE"]
[SourceTitle "CBM 209 Extra"]
[Source "ChessBase"]
[SourceDate "2022.09.30"]
[SourceVersion "1"]
[SourceVersionDate "2022.09.30"]
[SourceQuality "1"]

1. e4 e5 2. Nf3 f5 3. Nxe5 Qf6 4. d4 d6 5. Nc4 fxe4 6. Nc3 Qg6 7. f3 exf3 8. Qxf3 Nf6 9. Bd3 Qg4 10. Qxg4 Bxg4 11. 0-0 Nc6 12. Bg5 Be7 13. Rae1 Kd7 14. h3 Bh5 15. Bf5+ Kd8 16. d5 Nxd5 17. Nxd5 Bxg5 18. Nce3 Ne5 19. g4 Bf7 20. c3 c6 21. Nf4 Kc7 22. Be6 Bxf4 23. Bxf7 g5 24. Nf5 Rhf8 25. Bh5 Ng6 26. Bxg6 hxg6 27. Nd4 Kd7 28. Re2 Rae8 29. Rfe1 Bg3 30. Rxe8 Rxe8 31. Rxe8 Kxe8 32. Kg2 Be5 33. Nf3 Bf6 34. h4 gxh4 35. g5 Be5 36. Nxh4 Bf4 37. Nxg6 Bxg5 38. Kf3 Kf7 39. Nf4 Bxf4 40. Kxf4 Ke6 41. Ke4 a5 42. b3 b5 43. a3 b4 44. axb4 axb4 45. cxb4 d5+ 46. Kd4 Kd6 47. Kd3 Ke5 48. Ke3 d4+ 49. Kd3 Kd5 0-1

[Event "Pardubice rapid op 33rd"]
[Site "Pardubice"]
[Date "2022.07.20"]
[Round "3"]
[White "Freibergs, Andrejs"]
[Black "Vokoun, Jan"]
[Result "1/2-1/2"]
[WhiteElo "1574"]
[BlackElo "2056"]
[PlyCount "98"]
[EventDate "2022.07.20"]
[EventType "swiss (rapid)"]
[EventRounds "9"]
[EventCountry "CZE"]
[SourceTitle "CBM 209 Extra"]
[Source "ChessBase"]
[SourceDate "2022.09.30"]
[SourceVersion "1"]
[SourceVersionDate "2022.09.30"]
[SourceQuality "1"]

1. Nf3 Nf6 2. b3 c5 3. Bb2 e6 4. g3 b6 5. Bg2 Bb7 6. 0-0 Qc7 7. c4 Be7 8. d3 0-0 9. Nbd2 d5 10. Qb1 d4 11. e3 e5 12. Re1 Nc6 13. exd4 exd4 14. Ng5 Rae8 15. Nge4 Nd7 16. f4 h6 17. Nf3 f5 18. Ned2 g5 19. fxg5 hxg5 20. Rxe7 Rxe7 21. Nxg5 Nce5 22. Ndf3 Ng4 23. Bc1 Ne3 24. Bxe3 Rxe3 25. Qf1 Ne5 26. Nh4 Nxd3 27. Bxb7 Qxb7 28. Ng2 Qe7 29. Nxe3 dxe3 30. Qxd3 Qxg5 31. Qd5+ Kh7 32. Qd7+ Kh6 33. Qe6+ Rf6 34. Qe8 f4 35. Qh8+ Kg6 36. Qg8+ Kf5 37. Qd5+ Kg4 38. Qxg5+ Kxg5 39. gxf4+ Rxf4 40. Re1 Rg4+ 41. Kf1 Kf4 42. Re2 Ke4 43. h3 Rh4 44. Rh2 Kf3 45. Ke1 Kg3 46. Rh1 Rd4 47. Ke2 Kg2 48. Rd1 Kxh3 49. Rd3 Kg4 1/2-1/2

[Event "Liptovsky Jan op"]
[Site "Liptovsky Jan"]
[Date "2022.06.24"]
[Round "2.31"]
[White "Freibergs, Andrejs"]
[Black "Freibergs, Filips"]
[Result "1-0"]
[WhiteElo "1526"]
[BlackElo "1250"]
[PlyCount "61"]
[EventDate "2022.06.23"]
[EventType "swiss"]
[EventRounds "7"]
[EventCountry "SVK"]
[SourceTitle "CBM 209 Extra"]
[Source "ChessBase"]
[SourceDate "2022.09.30"]
[SourceVersion "1"]
[SourceVersionDate "2022.09.30"]
[SourceQuality "1"]

1. e4 e5 2. Nf3 Nc6 3. Bb5 d6 4. 0-0 Nf6 5. Re1 Be7 6. c3 0-0 7. d4 exd4 8. cxd4 Bg4 9. Bxc6 bxc6 10. Nc3 Re8 11. h3 Bh5 12. Bf4 Nd7 13. Qd3 Bf6 14. Rad1 c5 15. g4 Bg6 16. d5 Rb8 17. g5 Ne5 18. Bxe5 Bxe5 19. Nxe5 Qxg5+ 20. Ng4 h5 21. Qd2 Qxd2 22. Rxd2 hxg4 23. hxg4 f5 24. gxf5 Bxf5 25. Re3 Bg6 26. b3 Rb4 27. Rde2 c4 28. bxc4 Kf7 29. Kg2 Reb8 30. Kg3 Bh5 31. Kf4 1-0

[Event "EU-ch Online U14"]
[Site "Tornelo INT"]
[Date "2020.09.19"]
[Round "6"]
[White "Alcon Llosada, Jaume"]
[Black "Freibergs, Andrejs"]
[Result "0-1"]
[WhiteElo "1456"]
[BlackElo "1626"]
[PlyCount "142"]
[EventDate "2020.09.18"]
[EventType "swiss (rapid)"]
[EventRounds "9"]
[EventCountry "ENG"]
[SourceTitle "EXT 2023"]
[Source "ChessBase"]
[SourceDate "2022.10.05"]
[SourceVersion "1"]
[SourceVersionDate "2022.10.05"]
[SourceQuality "1"]
[WhiteTeam "Andorra"]
[BlackTeam "Latvia"]
[WhiteTeamCountry "AND"]
[BlackTeamCountry "LAT"]

1. e4 e6 2. d3 b6 3. Nf3 Bb7 4. g3 Be7 5. Bg2 d6 6. 0-0 c5 7. b3 Nc6 8. Re1 Bf6 9. c3 b5 10. d4 e5 11. d5 Nb8 12. b4 cxb4 13. cxb4 Nd7 14. Qd3 a6 15. Be3 Be7 16. Nbd2 Ngf6 17. Nb3 0-0 18. Na5 Qb8 19. Rec1 Ng4 20. Rc3 Nxe3 21. Qxe3 Bd8 22. Nc6 Bxc6 23. dxc6 Nf6 24. Rac1 Bc7 25. Nh4 Ra7 26. Nf5 Bb6 27. Qg5 Ne8 28. g4 f6 29. Qh4 g6 30. Ne3 Bxe3 31. Rxe3 Ng7 32. g5 fxg5 33. Qxg5 Ne6 34. Qg4 Nd4 35. Rec3 Rc7 36. Rd3 Rf4 37. Qd1 Qb6 38. Rdc3 Rf6 39. Bh3 Kg7 40. Bd7 Rf4 41. Qd3 Nf3+ 42. Qxf3 Rxf3 43. Rxf3 Qd4 44. Re3 Qxb4 45. Rcc3 Qb1+ 46. Kg2 Qxa2 47. Ra3 Qf7 48. Rxa6 Rxd7 49. cxd7 Qxd7 50. Rea3 Qg4+ 51. Kf1 Qxe4 52. Rxd6 Qb1+ 53. Kg2 Qe4+ 54. Kf1 Qc4+ 55. Kg2 Qg4+ 56. Kf1 Qc4+ 57. Kg2 b4 58. Ra7+ Kh6 59. Rdd7 Qe4+ 60. Kf1 b3 61. Rxh7+ Kg5 62. Rab7 Qb1+ 63. Kg2 b2 64. Rbf7 Qe4+ 65. f3 Qe2+ 66. Kg3 Qe1+ 67. Kg2 Qd2+ 68. Kg3 Qf4+ 69. Rxf4 exf4+ 70. Kh3 b1Q 71. Rf7 Qf1# 0-1

[Event "Baltija Cup 16th"]
[Site "Palanga"]
[Date "2019.06.17"]
[Round "1"]
[White "Freibergs, Andrejs"]
[Black "Stasans, Aivars"]
[Result "1/2-1/2"]
[WhiteElo "1577"]
[BlackElo "2039"]
[PlyCount "115"]
[EventDate "2019.06.17"]
[EventType "swiss"]
[EventRounds "7"]
[EventCountry "LTU"]
[SourceTitle "CBM 191 Extra"]
[Source "ChessBase"]
[SourceDate "2019.09.30"]
[SourceVersion "1"]
[SourceVersionDate "2019.09.30"]
[SourceQuality "1"]

1. d4 Nf6 2. c4 e6 3. Nc3 Bb4 4. a3 Bxc3+ 5. bxc3 c5 6. Bg5 Qa5 7. Bd2 0-0 8. Nf3 d6 9. g3 Qc7 10. Qc2 h6 11. Bg2 Nc6 12. 0-0 Na5 13. Bf4 Nxc4 14. Qd3 b5 15. Nd2 Bb7 16. Nxc4 bxc4 17. Qxc4 Bxg2 18. Kxg2 e5 19. dxe5 dxe5 20. Be3 Rac8 21. Rab1 Qc6+ 22. Kg1 Qd5 23. Qa6 Ng4 24. Qb7 Qc4 25. Qf3 Nxe3 26. Qxe3 Rfe8 27. Rb7 a5 28. Rd1 e4 29. Rdd7 Rf8 30. Re7 Rce8 31. Rbc7 Rxe7 32. Rxe7 Qb3 33. Qxc5 Qd1+ 34. Kg2 Qxe2 35. Qf5 Qd3 36. Qxe4 Qxc3 37. a4 g6 38. Rb7 Rc8 39. Qf4 Qc6+ 40. Qf3 Qxf3+ 41. Kxf3 Rc4 42. Ra7 Rxa4 43. Ke3 g5 44. f4 Kg7 45. Ra6 g4 46. f5 h5 47. Rd6 Ra2 48. Kf4 Rxh2 49. Kg5 h4 50. f6+ Kh7 51. Rd7 hxg3 52. Rxf7+ Kg8 53. Rg7+ Kf8 54. Kxg4 g2 55. Kf5 a4 56. Ke6 Rh1 57. Rxg2 Re1+ 58. Kd5 1/2-1/2

[Event "Pardubice Czech op-C 29th"]
[Site "Pardubice"]
[Date "2018.07.23"]
[Round "3"]
[White "Ptacek, Jan"]
[Black "Freibergs, Andrejs"]
[Result "1-0"]
[WhiteElo "1869"]
[BlackElo "1415"]
[PlyCount "54"]
[EventDate "2018.07.21"]
[EventType "swiss"]
[EventRounds "9"]
[EventCountry "CZE"]
[SourceTitle "CBM 186 Extra"]
[Source "ChessBase"]
[SourceDate "2018.08.24"]
[SourceVersion "1"]
[SourceVersionDate "2018.08.24"]
[SourceQuality "1"]

1. e4 d6 2. Nf3 Nf6 3. Nc3 g6 4. Bc4 Bg7 5. 0-0 0-0 6. d4 Bg4 7. h3 Bxf3 8. Qxf3 Nc6 9. Be3 Nd7 10. Rad1 e5 11. dxe5 Ndxe5 12. Qe2 Kh8 13. Bb3 f5 14. exf5 Rxf5 15. Ne4 Qh4 16. Ng3 Nf3+ 17. gxf3 Qxh3 18. f4 Ne5 19. fxe5 Bxe5 20. Bd4 Re8 21. Bd5 Rh5 22. Rfe1 Rf8 23. Nxh5 Bxd4 24. Rxd4 gxh5 25. Bg2 Rg8 26. Qe4 d5 27. Qe5+ Rg7 1-0